Statistics for Best Cities for Millennials

Click here to take the quiz!

General Stats

  • This quiz has been taken 57 times
  • The average score is 13 of 15

Answer Stats

RankCityCountry% Correct
1BerlinGermany
100%
5TorontoCanada
98%
4AmsterdamNetherlands
96%
3LondonUnited Kingdom
96%
7BarcelonaSpain
94%
2MontrealCanada
94%
6VancouverCanada
94%
10ManchesterUnited Kingdom
92%
8New York CityUSA
90%
15ParisFrance
90%
11HamburgGermany
86%
13San FranciscoUSA
82%
9CologneGermany
70%
14AustinUSA
56%
12BristolUnited Kingdom
36%

Score Distribution

Percentile by Number Answered

Percent of People with Each Score

Your Score History

You have not taken this quiz